Notte e nebbia a Bombay /

Saved in:
Bibliografiske detaljer
Hovedforfatter: Desai, Anita (Author)
Andre forfattere: Pieruccini, Cinzia
Format: Bog
Sprog:italiensk
Udgivet: Torino : Einaudi, 2007
Udgivelse:2. ed
Serier:Einaudi tascabili ; 592
Tags: Tilføj Tag
Ingen Tags, Vær først til at tagge denne postø!

MARC

LEADER 00000nam a22000007i 4500
001 IT\ICCU\ANA\0275791
003 ItRI
005 20240905175946.0
008 080626s2007 it |||||| ||||| |||||c
020 |a 9788806187668 
040 |b ita  |c CDM 
041 7 |a ita  |2 ISO-639-2 
100 1 |a Desai, Anita  |0 IT\ICCU\CFIV\070428  |4 aut 
240 1 0 |a Baumgartnerʼs Bombay.  |9 Desai, Anita 
245 1 0 |a Notte e nebbia a Bombay /  |c Anita Desai ; traduzione di Cinzia Pieruccini. 
250 |a 2. ed 
260 |a Torino :  |b Einaudi,  |c 2007 
300 |a VIII, 262 p. ;  |c 20 cm 
700 1 |a Pieruccini, Cinzia  |0 IT\ICCU\CFIV\008159 
830 0 |a Einaudi tascabili ;  |v 592  |0 IT\ICCU\CFI\0163201 
942 |2 ddc  |c BK 
952 |0 0  |1 0  |2 ddc  |4 0  |6 823_000000000000000_DES_NOT  |7 1  |9 1877  |a RA  |b RA  |d 2024-09-05  |l 0  |o 823 DES NOT  |p 9474  |r 2024-09-05 18:01:44  |w 2024-09-05  |y BK  |z Donazione di Pietro Brentini 
981 1 |6 z01  |a i   |b xxxe  
982 1 |6 z01  |a n 
999 |c 1655  |d 1655